000 00550nam a22001937a 4500
003 KOHA_MİRAKIL
005 20251030135208.0
008 251030b tu ||||| |||| 00| 0 tur d
020 _a9786052036082
040 _aTR-AnABB
_btur
_cTR-AnABB
041 _atur
082 _a813.42
_bGEN 2017
100 1 _aGenç, Nibel,
245 1 0 _aMısır koçanlarını kızartan koku /
_cNibel Genç
260 _aİstanbul :
_bNota Bene Yayınları,
_c2017
300 _a189 sayfa ;
_c20 cm
650 0 4 _aTürk edebiyatı, roman
942 _2ddc
_cBK
999 _c9236
_d9236
900 _bGizem YORULMAZ